Palaces, Forts, and walled cities / (Record no. 172417)

MARC details
000 -LEADER
fixed length control field 00609nam a22001937a 4500
005 - DATE AND TIME OF LATEST TRANSACTION
control field 20200205110614.0
010 ## - LCCN (DPL NO)
LC control number ENG-127638
020 ## - INTERNATIONAL STANDARD BOOK NUMBER
International Standard Book Number 9789386807038
Terms of availability 795.00
035 ## - SYSTEM CONTROL NUMBER
System control number EN-111170
037 ## - SOURCE OF ACQUISITION
Source of stock number/acquisition DBAD/PUB
082 ## - DEWEY DECIMAL CLASSIFICATION NUMBER
Classification number 728.82
100 ## - MAIN ENTRY--PERSONAL NAME
Personal name Mishra,Chandra Bhushan
245 ## - TITLE STATEMENT
Title Palaces, Forts, and walled cities /
Remainder of title by Chandra Bhushan Mishra
260 ## - PUBLICATION, DISTRIBUTION, ETC. (IMPRINT)
Place of publication, distribution, etc New Delhi
Name of publisher, distributor, etc Book Shores
Date of publication, distribution, etc 2018
270 ## - ADDRESS
City New Delhi
Address B-16,Subhavana Niketan Pitampura,
Postal code 110094
300 ## - PHYSICAL DESCRIPTION
Extent 174p.
Other physical details 24cm(hb)
500 ## - GENERAL NOTE
General note includes bibliographical references and index
942 ## - ADDED ENTRY ELEMENTS (KOHA)
Source of classification or shelving scheme Dewey Decimal Classification
Item type English Books
Classification part 728.82
Call number suffix MIS
Holdings
Withdrawn status Lost status Not for loan Collection code Home library Current library Date acquired Source of acquisition Cost, normal purchase price Full call number Barcode Copy number Cost, replacement price Koha item type
      Non-fiction Shahdara Branch Shahdara Branch 05/02/2020 DBAD/PUB 795.00 728.82 MIS EN-111170 1 795.00 English Books

© Delhi Public Library
Hit Counter
free hit counter